书目信息 |
| 题名: |
古陶瓷修复研究
|
|
| 作者: | 杨植震 , 俞蕙 , 陈刚 著 | |
| 分册: | ||
| 出版信息: | 上海 复旦大学出版社 2016 |
|
| 页数: | 219页 | |
| 开本: | 21cm | |
| 丛书名: | 古陶瓷修复系列 | |
| 单 册: | ||
| 中图分类: | G264.3 | |
| 科图分类: | ||
| 主题词: | 古代陶瓷--gu dai tao ci--器物修复--研究 | |
| 电子资源: | ||
| ISBN: | 978-7-309-12434-7 | |
| 000 | 00971nam0 22002771 450 | |
| 001 | 0127144025 | |
| 005 | 20170427144025.0 | |
| 010 | @a978-7-309-12434-7@dCNY28.00 | |
| 100 | @a20161215d2016 em y0chiy50 ea | |
| 101 | 0 | @achi |
| 102 | @aCN@b310000 | |
| 105 | @aa z 000yy | |
| 106 | @ar | |
| 200 | 1 | @a古陶瓷修复研究@Agu tao ci xiu fu yan jiu@f杨植震,俞蕙,陈刚等著 |
| 210 | @a上海@c复旦大学出版社@d2016 | |
| 215 | @a219页@c图@d21cm | |
| 225 | 2 | @a古陶瓷修复系列@Agu tao ci xiu fu xi lie |
| 330 | @a本书从古陶瓷修复材料的科学研究、古陶瓷修复工艺的探索实践、修复研究相关的专题评述、陶瓷修复技术在其他文物修复中的应用等方面,对古陶瓷修复界出现的突出难题进行探讨。 | |
| 461 | 0 | @12001 @a古陶瓷修复系列 |
| 606 | 0 | @a古代陶瓷@Agu dai tao ci@x器物修复@x研究 |
| 690 | @aG264.3@v5 | |
| 701 | 0 | @a杨植震@Ayang zhi zhen@4著 |
| 701 | 0 | @a俞蕙@Ayu hui@4著 |
| 701 | 0 | @a陈刚@Achen gang@4著 |
| 801 | 0 | @aCN@bTANGWEI@c20170308 |
| 905 | @b0966091-4@dG264.3@e15@f4 | |
| 古陶瓷修复研究/杨植震,俞蕙,陈刚等著.-上海:复旦大学出版社,2016 |
| 219页:图;21cm.-(古陶瓷修复系列) |
| ISBN 978-7-309-12434-7:CNY28.00 |
| 本书从古陶瓷修复材料的科学研究、古陶瓷修复工艺的探索实践、修复研究相关的专题评述、陶瓷修复技术在其他文物修复中的应用等方面,对古陶瓷修复界出现的突出难题进行探讨。 |
| ● |
| 相关链接 |
|
|
|
|
正题名:古陶瓷修复研究
索取号:G264.3/15
 
预约/预借
| 序号 | 登录号 | 条形码 | 馆藏地/架位号 | 状态 | 备注 |
| 1 | 0966091 | 209660918 | 第一样本阅览室/ [索取号:G264.3/15] | 在馆 | |
| 2 | 0966092 | 209660927 | 第四借阅区/ [索取号:G264.3/15] | 在馆 | |
| 3 | 0966093 | 209660936 | 第四借阅区/ [索取号:G264.3/15] | 在馆 | |
| 4 | 0966094 | 209660945 | 第四借阅区/ [索取号:G264.3/15] | 在馆 |